| 000 | 00369pam a2200157 a 4500 | ||
|---|---|---|---|
| 020 |
_a9789350903735 _c |
||
| 041 | _aeng | ||
| 082 |
_a617.3 _bSHE |
||
| 100 | _aSHENOY R.M. | ||
| 245 |
_aESSENTIALS OF ORTHOPEDICS _hTextual Documents |
||
| 250 | _a2. | ||
| 260 |
_bJAYPEE BROTHERS MEDICAL PUB. _c2014 |
||
| 300 |
_a342: _bXI; _cPB. |
||
| 930 | _a6900 | ||
| 999 |
_c801427 _d801427 |
||
| 650 | _aORTHO | ||